| 000 | 01290cam a22002891i 4500 | ||
|---|---|---|---|
| 003 | SA-RiAUC | ||
| 005 | 20241008071027.0 | ||
| 008 | 241007s2017 su f 000 0 ara c | ||
| 020 | _a9786030262847 | ||
| 040 |
_aSA-MaHRM _bara _cSA-RiAUC _erda |
||
| 043 | _aa-su--- | ||
| 082 | 0 | 4 |
_a253.902 _qSA-RiAUC |
| 090 |
_a253.902 _bش ن ق |
||
| 100 | 1 |
_aالشنقيطي، أحمد بن محمد عبد الله _eمؤلف. |
|
| 245 | 1 | 2 |
_aالرقابة الاتفاقية على إدارة الوقف في المملكة العربية السعودية / _cأحمد بن محمد عبد الله الشنقيطي. _bالوقف العلمي بجامعة الملك عبدالعزيز انموذجا. |
| 250 | _aالطبعة الأولى. | ||
| 264 | 1 |
_aالرياض : _bمؤسسة ساعي لتطوير الأوقاف، _c2018 |
|
| 300 |
_a140 صفحة ؛ _c24 سم. |
||
| 336 |
_aنص _btxt _2rdacontent _3كتاب |
||
| 337 |
_aبدون وسيط _bn _2rdamedia |
||
| 338 |
_aمجلد _bnc _2rdacarrier |
||
| 490 | 0 |
_aسلسلة إصدارات ساعي العلمية ؛ _v8 |
|
| 650 | 7 |
_aالوقف _zالسعودية _xإدارة _2aucsh |
|
| 650 | 7 |
_aالوقف _xجوانب اجتماعية _zالسعودية _2aucsh |
|
| 942 |
_2ddc _cBOOK _n0 |
||
| 949 |
_aSA-JeALM _d241007 _umohamedma123 _n1 |
||
| 999 |
_c994 _d994 |
||